Music Quiz

Random Music Quiz
Score 0/215 Timer 08:00
0 Plays Today
Hint Answer % Correct
Verse 1You
100%
this
100%
heart
100%
of
100%
mine
100%
me
100%
and
100%
it
100%
and
100%
you
100%
love
100%
me
100%
Pre-ChorusYou
100%
a
100%
heart
100%
and
100%
you
100%
it
100%
of
100%
me
100%
oh
100%
me
100%
of
100%
you
100%
me
100%
of
100%
you
100%
you
100%
me
100%
the
100%
me
100%
of
100%
you
100%
me
100%
of
100%
you
100%
Verse 2You
100%
me
100%
love
100%
oh
100%
and
100%
the
100%
me
100%
of
100%
(x2)you
100%
me
100%
of
100%
you
100%
you
100%
me
100%
the
100%
me
100%
of
100%
you
100%
oh
100%
you
100%
me
100%
the
100%
me
100%
of
100%
you
100%
oh
100%
me
100%
of
100%
you
100%
the
100%
me
100%
of
100%
you
100%
oh
100%
me
100%
of
100%
Hint Answer % Correct
you
100%
took
96%
made
96%
right
96%
feel
96%
all
96%
ever
96%
needed
96%
half
96%
complete
96%
I'm
96%
only
96%
because
96%
ChorusI'm
96%
only
96%
because
96%
I'm
96%
saying
96%
feel
96%
I'm
96%
I'm
96%
only
96%
because
96%
Post-ChorusI'm
96%
only
96%
because
96%
to
96%
BridgeI'm
96%
only
96%
because
96%
ChorusI'm
96%
only
96%
because
96%
I'm
96%
saying
96%
feel
96%
I'm
96%
I'm
96%
only
96%
because
96%
(I do, I do, I do, oh)saying
96%
feel
96%
I'm
96%
I'm
96%
only
96%
because
96%
i'm
96%
only
96%
because
96%
I'm
96%
saying
96%
feel
96%
I'm
96%
I'm
96%
only
96%
because
96%
I'm
96%
only
96%
because
96%
open
92%
up
92%
still
92%
I
92%
I
92%
I
92%
know
92%
better
92%
than
92%
I
92%
do
92%
how
92%
I
92%
Hint Answer % Correct
just
92%
being
92%
real
92%
baby
92%
that's
92%
truth
92%
how
92%
know
92%
better
92%
than
92%
I
92%
do
92%
how
92%
I
92%
just
92%
being
92%
real
92%
baby
92%
that's
92%
truth
92%
know
92%
better
92%
than
92%
I
92%
do
92%
how
92%
I
92%
just
92%
being
92%
real
92%
baby
92%
that's
92%
truth
92%
how
92%
I
92%
just
92%
being
92%
real
92%
baby
92%
that's
92%
truth
92%
lost
88%
cold
88%
but
88%
part
88%
never
88%
knew
88%
yeah
88%
yeah
88%
yeah
88%
yeah
88%
yeah
88%
every
84%
couldn't
84%
flaws
84%
no
84%
before
84%
no
84%
No
84%
no
84%
fixed
80%
space
80%
my
80%
person
80%
not
80%
show
76%
met
72%
Type: pre-choruspre-chorus
60%
Type: choruschorus
56%
gimme
48%
I'd
32%
Come Together.
Have Fun.
All Virtual.
We all need to come together. Play Sporcle's virtual live trivia to have fun, connect with people, and get your trivia on. Join a live hosted trivia game for your favorite pub trivia experience done virtually. If a virtual private party is more your thing, go here for details.

You're not logged in!

Compare scores with friends on all Sporcle quizzes.
OR
Log In

Sporcle TV

Today on Sporcle TV


Watch our educational content, quiz creation guides, and fun videos on Sporcle TV.

Show Comments

Extras

Created Feb 15, 2020ReportNominate

Top Quizzes Today


Score Distribution

Paid Content

Your Account Isn't Verified!

In order to create a playlist on Sporcle, you need to verify the email address you used during registration. Go to your Sporcle Settings to finish the process.

Report this User

Report this user for behavior that violates our Community Guidelines.

Details: